000 00450cam a2200181ua 4500
020 _cRs 11.00
041 _aeng
_h
082 _a923.2G
_bTEN/MA
100 _aTendulkar, D G.
245 _aMahatma, Vol 5 /
_cD G Tendulkar.
_hTextual Documents
260 _aIndia :
_bPublication Division, Govt. of India ,
_c1962.
300 _a355 ; .
362 0 _aVol 5-
365 _aRs 11.00
504 _a
942 _cBK
999 _c1107
_d1107